|
|
|
|
| LEADER |
01771nam a2200361 i 4500 |
| 001 |
34184 |
| 003 |
BD-DhAAL |
| 005 |
20211124133317.0 |
| 008 |
190123r20182013enk b 001 0 eng |
| 999 |
|
|
|c 40345
|d 40345
|
| 010 |
|
|
|a 2013010246
|
| 020 |
|
|
|a 9781107043619 (hardback)
|
| 040 |
|
|
|a DLC
|b eng
|c DLC
|e rda
|d DLC
|d BD-DhAAL
|
| 042 |
|
|
|a pcc
|
| 043 |
|
|
|a a-ii---
|
| 050 |
0 |
0 |
|a HQ1742
|b .C485 2013
|
| 082 |
0 |
0 |
|a 305.40954
|2 23
|
| 100 |
1 |
|
|a Channa, Subhadra,
|d 1951-
|9 29735
|
| 245 |
1 |
0 |
|a Gender in South Asia :
|b social imagination and constructed realities /
|c Subhadra Mitra Channa.
|
| 260 |
|
|
|a Cambridge :
|b Cambridge University Press,
|c 2018 [ reprint ]
|
| 300 |
|
|
|a ix, 228 pages ;
|c 26 cm.
|
| 504 |
|
|
|a Includes bibliographical references (pages 210-222) and index.
|
| 505 |
0 |
|
|a Introduction -- Colonial India and the construction of upper-caste/class women -- Elite women: education and emergence of feminism -- Work and gender relations of a low-caste group in urban Delhi -- Globalization and the emerging gender issues in India -- Conclusion: redefining the feminine.
|
| 520 |
|
|
|a "Discusses gender in terms of models generalizing upon received wisdom from historical and cultural sources and lived realities"--Provided by publisher.
|
| 526 |
|
|
|a ENH
|
| 541 |
|
|
|a Karim International
|e 34184
|
| 650 |
|
0 |
|a Women
|z India
|x Social conditions.
|9 29736
|
| 650 |
|
0 |
|a Women
|z India
|x History.
|9 29737
|
| 650 |
|
0 |
|a Feminism
|z India.
|9 29738
|
| 650 |
|
0 |
|a English language.
|9 43108
|
| 852 |
|
|
|a Ayesha Abed Library
|c General Stacks
|
| 942 |
|
|
|2 ddc
|c BK
|
| 952 |
|
|
|0 0
|1 0
|2 ddc
|4 0
|6 305_409540000000000_CHA
|7 0
|9 64934
|a BRACUL
|b BRACUL
|c GEN
|d 2019-01-13
|e Karim International
|g 1510.00
|l 7
|m 77
|o 305.40954 CHA
|p 3010034184
|r 2026-04-07
|s 2026-02-26
|t 1
|v 1510.00
|w 2019-01-13
|y BK
|